Sổ tay bệnh nghề nghiệp

שמור ב:
מידע ביבליוגרפי
מחבר ראשי: Nguyễn Văn Truyền
פורמט: ספר
שפה:Undetermined
יצא לאור: Tp. HCM Nxb. Tp. HCM 1984
נושאים:
תגים: הוספת תג
אין תגיות, היה/י הראשונ/ה לתייג את הרשומה!
Thư viện lưu trữ: Trung tâm Học liệu Trường Đại học Cần Thơ
LEADER 00570nam a2200181Ia 4500
001 CTU_7325
008 210402s9999 xx 000 0 und d
082 |a 614 
082 |b Tr527s 
100 |a Nguyễn Văn Truyền 
245 0 |a Sổ tay bệnh nghề nghiệp 
245 0 |c Nguyễn Văn Truyền, Tô Thị Ngân Hà 
260 |a Tp. HCM 
260 |b Nxb. Tp. HCM 
260 |c 1984 
650 |a medicine, industrial,public health 
904 |i Nguyễn Quang Điền, 960601 
980 |a Trung tâm Học liệu Trường Đại học Cần Thơ